000 00891nam a2200265Ia 4500
003 OSt
005 20220923230940.0
006 a|||||r|||| 00| 0
007 ta
008 Pun
020 _c200
024 _a320,415
037 _b768, 27/02/2017, H.K. Prakashan
_cTextual
040 _aARTS
_cARTS
_bPun
041 _2Pun
_aPun
082 _aO153,3NRA4,TB, Q3
100 _aਰਾਣਾ, ਰਣਜੀਤ ਕੌਰ, ਂਚ.
245 0 _aਤੂੰ ਭਰੀ੍ਵ ਹੁੰਗਾਰਾ
260 _aਬਰਨਾਲਾ
_b ਤਰਕਭਾਰਤੀ ਪ੍ਰਕਾFਨ
_c2013
300 _a160ਪ੍ਰ0
_ccm.
650 _a ਪੰਜਾਬੀ ਕਹਾਣੀ
650 _aਪੰਜਾਬੀ ਸਾਹਿਤ
942 _hO153,3NRA4,TB, Q3
_cTEXL
_2CC
999 _c388421
_d388421